000 00705nam a2200205 a 4500
001 000035274
005 20200930074225.0
008 111027s1925 fr 000 0 spa d
040 _aDO-SdBNP
_bspa
_cBNPHU
082 _a150.195
_bL375f
100 1 _aLaumonier, Jean
_d1861-
_961038
245 1 0 _aLe freudisme / :
_bexposé et critique /
_cJean Laumonier.
260 _aParis :
_bLibrairie Félix Alcan,
_c1925.
300 _a172 p. ;
_c21 cm.
590 _aPerteneció a la biblioteca personal de Juan Isidro Jimenes Grullón
600 1 4 _aFREUD, SIGMUND,
_d1856-1939
_xCRÍTICA E INTERPRETACIÓN
_951033
650 4 _aPsicoanálisis
_91958
910 _aValidado. Control de calidad MFF
049 _aBNPD
999 _c34765
_d34765